Statistics for Ireland First Level Subdivisions

Click here to take the quiz!

General Stats

  • This quiz has been taken 275 times
  • The average score is 18 of 31

Answer Stats

Counties% Correct
Dublin
100%
Cork
91%
Cork
91%
Galway
77%
Galway
77%
Limerick
77%
Waterford
74%
Kilkenny
67%
Mayo
67%
Kerry
66%
Wexford
64%
Donegal
63%
Clare
60%
Sligo
60%
Meath
57%
Wicklow
55%
Louth
53%
Tipperary
53%
Westmeath
53%
Kildare
50%
Cavan
49%
Monaghan
48%
Laois
47%
Offaly
47%
Roscommon
47%
Carlow
45%
Leitrim
45%
Longford
45%
South Dublin
37%
Fingal
26%
Dún Laoghaire–Rathdown
15%

Score Distribution

Percentile by Number Answered

Percent of People with Each Score

Your Score History

You have not taken this quiz